| 000 | 01120nam0a22002891 4500 | ||
|---|---|---|---|
| 001 | rc\3396620 | ||
| 005 | 20250609225643.0 | ||
| 021 |
_aRU _b[74-60680] |
||
| 035 | _a(NLR Aleph) 007540924 | ||
| 090 |
_a9759342 _c9759342 |
||
| 100 | _a20130115d1974 |||y0rusy50 ca | ||
| 101 | 0 | _arus | |
| 102 | _aRU | ||
| 105 | _ay z ||||| | ||
| 200 | 1 |
_aДисперсионный анализ _eУчеб. пособие по статистике торговли _fЛенингр. ин-т сов. торговли им. Ф. Энгельса |
|
| 210 |
_aЛенинград _c[ЛИСТ] _d1974 |
||
| 215 |
_a82 с. _d20 |
||
| 320 | _aСписок лит.: с. 81 (7 назв.) | ||
| 606 |
_aДисперсионный анализ (мат.) _2psbo |
||
| 608 |
_aТорговая статистика _2psbo |
||
| 700 | 1 |
_7ca _8rus _aАфанасьев _bВ. И. _cд-р экон. наук, статистика _gВячеслав Иванович _9196905 _3RU\NLR\AUTH\770196956 |
|
| 701 | 1 |
_aСмирнов _bВ.Н. |
|
| 801 | 0 |
_aRU _bNLR _gpsbo |
|
| 801 | 1 |
_aRU _bELAR _2rusmarc |
|
| 852 |
_aNLR _j74-4/14824 |
||
| 942 | _cBOOK | ||
| 980 | _aNB | ||